|
|
|
|
| LEADER |
00000cam a2200000 a 4500 |
| 001 |
vtls010269802 |
| 003 |
SK-MaSNL |
| 005 |
20260302011715.0 |
| 008 |
180809s2010 xo ol fr 100 0 slo |
| 015 |
|
|
|a SNBA2011/06-03331
|
| 020 |
|
|
|a 9788080947064
|q (brož.)
|
| 035 |
|
|
|a 58B4F003-83AC-4C6E-B446-6A3949D3D696
|
| 035 |
|
|
|a urn:nbn:sk:snk-amjhj3
|
| 035 |
|
|
|a urn:nbn:sk:snk-am001sk4
|
| 040 |
|
|
|a SNK
|b slo
|c SNK
|e AACR2
|
| 041 |
0 |
|
|a slo
|
| 044 |
|
|
|a xo
|c SK
|
| 072 |
|
7 |
|a 781
|x Hudobná teória
|2 konspekt
|
| 080 |
|
|
|a 781.2
|2 2001
|
| 080 |
|
|
|a (062.534)
|2 2001
|
| 245 |
0 |
0 |
|a Hudba, integrácie, interpretácie
|n 12
|p Hudobná kultúra a vzdelávanie v mediálnej spoločnosti
|c [Editor Jozef Vereš]
|
| 246 |
1 |
1 |
|a Music, integration, interpretation
|n 12
|p Musical culture and education in international society
|
| 246 |
3 |
0 |
|a Hudobná kultúra a vzdelávanie v mediálnej spoločnosti
|
| 250 |
|
|
|a [1. vyd.]
|
| 260 |
|
|
|a Nitra
|b Pedagogická fakulta Univerzity Konštantína Filozofa
|c 2010
|
| 300 |
|
|
|a 250 s.
|c 21 cm
|
| 366 |
|
|
|e 250 výtl.
|
| 500 |
|
|
|a Názov z obalu
|
| 504 |
|
|
|a Bibliogr. odkazy
|
| 650 |
0 |
7 |
|a hudba
|2 SNKPH
|9 1063
|
| 650 |
0 |
7 |
|a hudobná teória
|2 SNKPH
|9 3203
|
| 650 |
0 |
7 |
|a Music
|2 SNKPHeng
|9 265352
|
| 650 |
0 |
7 |
|a Music theory
|2 SNKPHeng
|9 303159
|
| 655 |
|
7 |
|a zborníky
|2 SNKPH
|9 70165
|
| 655 |
|
7 |
|a Proceedings
|2 SNKPHeng
|9 304965
|
| 700 |
1 |
|
|a Vereš, Jozef,
|d 1946-
|4 edt
|9 177457
|
| 852 |
|
|
|a Slovenská národná knižnica
|
| 919 |
|
|
|a 978-80-8094-706-4
|
| 954 |
|
|
|a odborná, vedecká literatúra pôvodná (slovenská)
|2 lita
|
| 954 |
|
|
|a odborná, vedecká literatúra cudzojazyčná (svetová)
|2 lita
|
| 958 |
|
|
|a OND
|
| 958 |
|
|
|a NB
|
| 999 |
|
|
|c 1007116
|d 1009046
|
| 952 |
|
|
|a SNK
|b SNK
|y PREZ
|7 0
|p 17A0696457
|o snkSC 144956
|i snk2011/8305
|8 0
|0 0
|1 0
|4 0
|d 2011-04-11
|l 0
|r 2025-07-14 00:00:00
|w 2026-02-24
|
| 952 |
|
|
|a SNK
|b SNK
|y VYP
|7 0
|p 17A0696456
|o snkSC 144956 D1
|i snk2011/8306
|8 0
|0 0
|1 0
|4 0
|d 2011-04-11
|f 1
|l 0
|r 2026-02-24 12:39:52
|w 2026-02-24
|